| 000 | 00699nam a22002177a 4500 | ||
|---|---|---|---|
| 003 | 0 | ||
| 005 | 20160609165406.0 | ||
| 008 | 100208t xxu||||| |||| 00| 0 eng d | ||
| 020 | _a978-92-5-206074-1 | ||
| 022 | _a1014-1197 | ||
| 040 |
_aBIDOC _bfr _cbidoc |
||
| 110 |
_aFAO _93504 |
||
| 245 | _aLa biosécurité au service de la lutte contre l'influenza aviaire hautement pathogène : contraintes et solutions possibles | ||
| 260 |
_aRome _bFAO _c2008 |
||
| 300 |
_avii-81 p. _bcouv. ill. en coul. _c25 cm. |
||
| 440 |
_aFAO Production et Santé Animales _n165 _93505 |
||
| 650 |
_aSanté animale _93506 |
||
| 650 |
_aInfluenza virus aviaire _93507 |
||
| 650 |
_aSécurité _93508 |
||
| 942 | _cLIVR | ||
| 999 |
_c46920 _d46920 |
||